Catálogo público

A few western aphids with description of three new species / (Record no. 207407)

MARC details
000 -CABECERA
campo de control de longitud fija 00898nam a2200265Ia 4500
001 - NÚMERO DE CONTROL
campo de control Para_8596
003 - IDENTIFICADOR DEL NÚMERO DE CONTROL
campo de control CHAP
008 - DATOS DE LONGITUD FIJA--INFORMACIÓN GENERAL
campo de control de longitud fija 220125s9999 xx 000 0 und d
010 ## - NÚMERO DE CONTROL DE LA BIBLIOTECA DEL CONGRESO
Número de control de LC 207407
040 ## - FUENTE DE LA CATALOGACIÓN
Centro/agencia transcriptor CHAP
082 ## - NÚMERO DE LA CLASIFICACIÓN DECIMAL DEWEY
Número de clasificación PA-C 595.752 A6
100 ## - ENTRADA PRINCIPAL--NOMBRE DE PERSONA
Nombre de persona Knowlton, George F.
9 (RLIN) 63559
245 ## - MENCIÓN DE TÍTULO
Título A few western aphids with description of three new species /
Mención de responsabilidad, etc. by George F. Knowlton
300 ## - DESCRIPCIÓN FÍSICA
Extensión 10 p.
440 ## - MENCIÓN DE SERIE/PUNTO DE ACCESO ADICIONAL--TÍTULO
Título Aphidae; 24
9 (RLIN) 174003
500 ## - NOTA GENERAL
Nota general Sobretiro de: Annals Entomological Society of America 21: 259-268, 1928. Encuadernado con otros impresos similares
650 ## - PUNTO DE ACCESO ADICIONAL DE MATERIA--TÉRMINO DE MATERIA
Término de materia o nombre geográfico como elemento de entrada
Subdivisión general Afididos
-- Colecciones de escritos
-- Afididos
-- Anatomía y Fisiología
-- Afididos
-- Identificación
9 (RLIN) 174008
901 ## - ELEMENTOS DE DATOS A LOCAL LDA (RLIN)
a PA-C 595.752 A6
902 ## - ELEMENTOS DE DATOS B LOCAL, LDB (RLIN)
a A
905 ## - ELEMENTOS DE DATOS E LOCAL, LDE (RLIN)
a 000000 a 0000000000 00
910 ## - DATOS DE OPCIÓN DEL USUARIO (OCLC)
Datos de opción del usuario
942 ## - ELEMENTOS DE PUNTO DE ACCESO ADICIONAL (KOHA)
Tipo de ítem Koha Parasitologia_
942 ## - ELEMENTOS DE PUNTO DE ACCESO ADICIONAL (KOHA)
Tipo de ítem Koha Parasitologia_
-- 1
Holdings
Estado de retiro Estado de pérdida Fuente del sistema de clasificación o colocación Estado dañado Restricciones de uso No para préstamo Código de colección Localización permanente Ubicación/localización actual Ubicación en estantería Fecha de adquisición Información codificada de la localización en otra ubicación Enumeración/cronología de publicación seriada Total de préstamos Código de barras Fecha visto por última vez Precio válido a partir de Tipo de ítem Koha Nota pública
    Dewey Decimal Classification   Préstamo interno   Consulta Parasitologia Agricola Parasitologia Agricola   27/10/2005 PARA Volumen: 24   PA_8369-5 25/01/2022 25/01/2022 Libro 3